European countries in French - Statistics

General Stats
  • This quiz has been taken 26 times
  • The average score is 41 of 45
Answer Stats
French English % Correct
Albanie Albania
100%
Andorre Andorra
100%
L'Autriche Austria
96%
Croatie Croatia
96%
Estonie Estonia
96%
Finlande Finland
96%
France France
96%
Grèce Greece
96%
Irlande Ireland
96%
Italie Italy
96%
Kosovo Kosovo
96%
Liechtenstein Liechtenstein
96%
Biélorussie Belarus
92%
Belgique Belgium
92%
Bosnie Herzégovine Bosnia and Herzegovina
92%
Bulgarie Bulgaria
92%
Tchéquie Czechia
92%
Danemark Denmark
92%
Allemagne Germany
92%
Hongrie Hungary
92%
Islande Iceland
92%
Lituanie Lithuania
92%
Luxembourg Luxembourg
92%
Monaco Monaco
92%
Pologne Poland
92%
le Portugal Portugal
92%
Roumanie Romania
92%
Russie Russia
92%
Serbie Serbia
92%
Slovaquie Slovakia
92%
Slovénie Slovenia
92%
Espagne Spain
92%
Suisse Switzerland
92%
Ukraine Ukraine
92%
Cité du Vatican Vatican City
92%
Malte Malta
88%
Monténégro Montenegro
88%
Norvège Norway
88%
Lettonie Latvia
83%
Macédoine du Nord North Macedonia
83%
Suède Sweden
83%
Moldavie Moldova
79%
Pays-Bas Netherlands
79%
Saint Marin San Marino
79%
Royaume-Uni United Kingdom
75%
No matching quizzes found
Score Distribution
Percent of People with Each Score
Percentile by Number Answered
Your Score History
You have not taken this quiz